00469nam a2200193Ia 4500001000700000003000500007008004100012010001100053040000900064082001200073100002200085245004800107260003900155300001100194440003000205500000500235503000500240650003000245Z_4226CHAP220113s1997 xx 000 0 und d a167290 cCHAP a860 L63 aLoaeza, Guadalupe aPrimero las damas /cpor Guadalupe Loaeza aMéxico, D. F. :bPlaneta,c1997 a165 p. aNarrativa Actual Mexicana a a aLiteratura mexicana I. t.